000 00764nam a2200181 a 4500
008 120416s1983 ||||||||||||||||| || u
050 _aHD 9940 Pac
100 _aPackard, Sidney
245 1 0 _aFashion buying and merchandising
250 _a2nd ed.
260 _aNew York
_bFairchild Publications
_c1983
350 _a0.00
650 _aFASHION DEVELOPMENT MERCHANDISING--UNITED STATES
650 _aFASHION
700 _aAxelrod, Nathan
995 _aMAIN LIBRARY OPEN ACCESS
_D0.00
_e725408
_FCBU-MAIN LIBRARY (Kitwe)
_H1
_I21.95
_jHD 9940 Pac
_M1
_UAVAILABLE
_y004294
_ZMain Library Open Access Collection
995 _aMAIN LIBRARY OPEN ACCESS
_D0.00
_e725409
_FCBU-MAIN LIBRARY (Kitwe)
_H2
_I21.95
_jHD 9940 Pac
_M2
_UAVAILABLE
_y004295
_ZMain Library Open Access Collection
999 _c62999
_d62999